Kukuričná slama ako možný kosubstrát do bioplynových staníc

Na minha lista:
Detalhes bibliográficos
Autor principal: Malotová, Viktória (Author)
Outros Autores: Hutňan, Miroslav (Thesis advisor)
Formato: Manuscrito Livro
Idioma:eslovaco
Publicado em: 2019
Assuntos:
Acesso em linha:http://is.stuba.sk/zp/portal_zp.pl?podrobnosti=143036
Tags: Adicionar Tag
Sem tags, seja o primeiro a adicionar uma tag!

MARC

LEADER 00000ntm a22000003a 4500
001 stuzp74410
003 SK-STU
005 20190601211304.9
007 ta
008 150427s2015----xo-----f-mn---000-0-slo-d
040 |a STU  |b slo 
041 0 |a slo 
100 1 |a Malotová, Viktória  |u 046290  |k Z4  |4 aut  |U FCHPT Ústav chemického a environmentálneho inžinierstva  |T FCHPT Oddelenie environmentálneho inžinierstva  |X 76203  |U C6290  |Y 120  |7 76203 
242 0 1 |a Corn straw as a possible co-substrate to biogas plants  |y eng 
245 1 0 |a Kukuričná slama ako možný kosubstrát do bioplynových staníc 
260 |c 2019 
650 4 |a slama  |2 slo 
650 4 |a kukuričná siláž  |2 slo 
650 4 |a bioplyn  |2 slo 
650 4 |a testy biometánového potenciálu  |2 slo 
650 4 |a ko-substrát  |2 slo 
650 4 |a anaeróbna fermentácia  |2 slo 
650 4 |a straw  |2 eng 
650 4 |a maize silage  |2 eng 
650 4 |a biogas  |2 eng 
650 4 |a biomethane potential tests  |2 eng 
650 4 |a co-substrate  |2 eng 
650 4 |a anaerobic digestion  |2 eng 
700 1 |a Hutňan, Miroslav  |u 046290  |k Z1  |4 ths  |U FCHPT Ústav chemického a environmentálneho inžinierstva  |T FCHPT Oddelenie environmentálneho inžinierstva  |X 3355  |U C6290  |Y 120  |7 A000003355 
856 4 |u http://is.stuba.sk/zp/portal_zp.pl?podrobnosti=143036